Cette version du Monopoly existe-t-elle ? - Statistiques

Statistiques générales
  • Ce quiz a été pris 123 fois
  • Le résultat moyen est 3 sur 15
Answers on the Grid
Answers color-coded by a green-red scale on the quiz's grid according to % correct below.
Zelda
Donjons & Dragons
Netflix
Disney
Game of Thrones
Paris
Taylor Swift
Echecs
Nintendo
Squid Game
Mr.Bean
Breaking Bad
Jurassic Park
Supernatural
Friends
Amazon
Twilight
Western
Coca-Cola
Apple
Ikea
Titanic
McDonald's
Yotube
Minecraft
Tintin
Pokémon
Studio Ghibli
Beatles
Yu-Gi-Oh
 
Statistiques - réponses
Réponse % Correct
Disney
45%
Pokémon
45%
Friends
30%
Minecraft
30%
Game of Thrones
29%
Nintendo
27%
Zelda
23%
Twilight
14%
Breaking Bad
13%
Coca-Cola
12%
Donjons & Dragons
12%
Yu-Gi-Oh
10%
Beatles
8%
Jurassic Park
8%
Supernatural
2%
Aucun quiz correspondant
Distribution des résultats
% des personnes avec chaque résultat
Percentile par nombre de réponses
Votre historique - résultats
Vous n’avez pas pris ce quiz